书目信息 |
| 题名: |
Visual Basic程序设计
|
|
| 作者: | 莫德举 , 夏涛 , 靳丽 主编 | |
| 分册: | ||
| 出版信息: | 北京 北京邮电大学出版社 2010.02 |
|
| 页数: | 274页 | |
| 开本: | 26cm | |
| 丛书名: | ||
| 单 册: | ||
| 中图分类: | TP312 | |
| 科图分类: | ||
| 主题词: | Basic语言--Basic yu yan--程序设计--高等学校--教材 | |
| 电子资源: | ||
| ISBN: | 978-7-5635-2228-6 | |
| 000 | 01019nam0 2200289 450 | |
| 001 | 012010254813 | |
| 005 | 20100410163228.25 | |
| 010 | @a978-7-5635-2228-6@dCNY30.00 | |
| 100 | @a20100410d2010 em y0chiy0120 ea | |
| 101 | 0 | @achi |
| 102 | @aCN@b110000 | |
| 105 | @aa a 000yy | |
| 106 | @ar | |
| 200 | 1 | @aVisual Basic程序设计@AVisual Basic cheng xu she ji@f莫德举, 夏涛, 靳丽主编@Fmo de ju,xia tao,jin li zhu bian |
| 205 | @a第2版 | |
| 210 | @a北京@c北京邮电大学出版社@d2010.02 | |
| 215 | @a274页@c图@d26cm | |
| 300 | @a普通高等学校计算机科学与技术应用型规划教材 | |
| 320 | @a有书目 (第274页) | |
| 330 | @a本书以讲述《教务管理系统》开发为主线,讲述了VB程序设计的基本概念和基本方法,并给出了部分提高操作的内容,如Active X控件、数据库等。 | |
| 606 | 0 | @aBasic语言@ABasic yu yan@x程序设计@x高等学校@j教材 |
| 690 | @aTP312@v4 | |
| 701 | 0 | @a莫德举@Amo de ju@4主编 |
| 701 | 0 | @a夏涛@Axia tao@4主编 |
| 701 | 0 | @a靳丽@Ajin li@4主编 |
| 801 | 0 | @aCN@bQSSK@c20100410 |
| 905 | @b775224-26@dTP312@eM842@f3 | |
| Visual Basic程序设计/莫德举, 夏涛, 靳丽主编.-第2版.-北京:北京邮电大学出版社,2010.02 |
| 274页:图;26cm |
| 普通高等学校计算机科学与技术应用型规划教材 |
| ISBN 978-7-5635-2228-6:CNY30.00 |
| 本书以讲述《教务管理系统》开发为主线,讲述了VB程序设计的基本概念和基本方法,并给出了部分提高操作的内容,如Active X控件、数据库等。 |
| ● |
| 相关链接 |
|
|
|
正题名:Visual Basic程序设计
索取号:TP312/M842
 
预约/预借
| 序号 | 登录号 | 条形码 | 馆藏地/架位号 | 状态 | 备注 |
| 1 | 775224 | 207752243 | 自科二线400A/400A自科库 4排2列3层/ [索取号:TP312/M842] | 在馆 | |
| 2 | 775225 | 207752252 | 自科库301/301自科库 52排5列4层/ [索取号:TP312/M842] | 在馆 | |
| 3 | 775226 | 207752261 | 自科二线400A/400A自科库 4排1列2层/ [索取号:TP312/M842] | 在馆 |